ERROR Konverze - Nevyplneno 245

Gespeichert in:
Bibliographische Detailangaben
Format: Schriftenreihe
Veröffentlicht: 1974
Tags: Tag hinzufügen
Keine Tags, Fügen Sie das erste Tag hinzu!

MARC

LEADER 00000nas a22000003a 4500
001 stu70149
005 20141121233815.0
008 011106s1974----------------------------d
040 |a STU  |b slo 
041 0
245 1 |a ERROR Konverze - Nevyplneno 245 
260 |c 1974 
500 |a 1974 
500 |a 12 
500 |a 1-12 
773 0 |w stu_us_cat*stu70146  |7 nnas 
996 |d Roč. 35, 1974  |v Roč. 35  |y 1974  |l II680  |s A  |a 24  |w stu70149_0008